MDQL
is popping MORE tags! Check the
thread
!
Quizzes
Events
Quiz Creation
Community
Videos
Private Events
Remove Ads
Sign In
Join for FREE
Feedback
Dark Mode
Quiz Categories
Sports
Geography
Music
Movies
Television
Just For Fun
Miscellaneous
History
Literature
Language
Science
Gaming
Entertainment
Religion
Holiday
For Kids
Quiz Lab
Recent
Popular Today
Quiz Kudos Today
Editor Picks
Curator Picks
Quizzes by...
Day
Popularity
Type
Ratings
Length
Year
Community
Subscriptions
Recent Discussions
Orange Saloon
Badges
Playlists
Quests
Create
Leaderboards
Showdown
Live 5
Trivia Bingo
Activity
Puzzle Library
Sporcle Events
Private Events
Virtual Trivia
Globe League
Become a Host
Pub Owners
SporcleCon
Opinionation
Our Games
Videos
Blog
Mobile Apps
Partnerships
Remove Ads and Go Orange
Feedback
Sports
Athletes
MLB
NBA
NHL
NFL
Soccer
Sports Teams
WWE
NCAA
Football
Premier League
Basketball
Baseball
Hockey
Golf
Tennis
Cricket
Rugby
Auto Racing
Olympics
World Cup
Sports
Athletes
MLB
NBA
NHL
NFL
Soccer
Sports Teams
WWE
NCAA
Football
Premier League
Basketball
Baseball
Hockey
Golf
Tennis
Cricket
Rugby
Auto Racing
Olympics
World Cup
Random Quiz
Search Sporcle
×
Quiz Lab
Quiz Lab
Sports
WWE
Type in answers that appear in a list
Type in answers that appear in a list
Classic
Best Score? Go Orange.
WWE Finishers Stats
Can you name the WWE Finishers?
By
CheMcCaughley
10m
38 Questions
38 Plays
38 Plays
38 Plays
Comments
Comments
Give Quiz Kudos
Give Quiz Kudos
-
- Ratings
hide this ad
Replay
Link that replays current quiz
Next Quiz
Link to next quiz in quiz playlist
You Got
0%
They Got
Avg Score
68%
Avg Friend Score
Upgrade to see
Score Distribution
Jump to the score distribution portion of the page
Score
0/38
Timer
10:00
0
Plays Today
Finisher
Wrestler
% Correct
Sweet Chin Music
Shawn Michaels
97.4%
Choke Slam
Kane
97.4%
619
Rey Mysterio
97.4%
Go to sleep
CM Punk
89.5%
F-
U
John Cena
89.5%
Spear
Edge
86.8%
Worlds Strongest Slam
Mark Henry
86.8%
Last Ride
Undertaker
86.8%
Brogue Kick
Sheamus
83.8%
Trouble in paradise
Kofi Kingston
83.3%
Superfly
Jimmy Snuka
81.6%
MasterLock
Chris Masters
81.6%
Swanton Bomb
Jeff Hardy
81.6%
Peoples Elbow
The Rock
81.6%
Swanton Bomb
Jeff Hardy
81.1%
Twist Of Fate
Matt Hardy
78.9%
Pedigree
Triple H
78.9%
Stone Cold Stunner
Steve Austin
78.9%
RKO
Randy Orton
78.4%
Finisher
Wrestler
% Correct
Cross Rhodes
Cody Rhodes
76.3%
CodeBreaker
Chris Jericho
76.3%
Sharpshooter
Bret Hart
76.3%
The Leg Drop
Hulk Hogan
76.3%
Ankle lock
Kurt Angle
75%
Air Bourne
Evan Bourne
73.7%
Jack Knife Powerbomb
Kevin Nash
69.4%
Mizard of oz
The Miz
68.4%
KillSwitch
Christian
68.4%
Frog Splash
Eddie Guerrero
66.7%
Celtic Cross
Finlay
65.8%
Starship Pain
John Morrison
65.8%
MoneyShot
Val Venis
44.7%
Dominator
Bobby Lashley
28.9%
Kenton Bomb
Mr Kennedy
28.9%
Zack Attack
Zach Ryder
13.5%
Cobra
Santino Marrela
7.9%
Running knee
William Regal
5.3%
Pumphandle Slam
The Boogeyman
2.6%
Quiz Playlist
Details
Report
Send in Message
Add To Playlist
Classic:
Type in answers that appear in a list
Last Updated: Feb 16, 2017
Quiz Scoreboard
CHALLENGE
Sign Up to Join the Scoreboard
Show All
Scores
Hide
Comments
May contain spoilers
Recently Published
Street Fighter Characters
by Artimus82
Gaming
60s
9x9 Crossword: Cartoon Network
by jackfrog10
Miscellaneous
3m
College Basketball Coaching Resumes
by pancakes188
Sports
9m
More to Explore
Quiz From the Vault
Featured Blog Post
Where Did the Easter Bunny Come From?
hide this ad
You Might Also Like...
Tags
WWE Quiz
Today's Top Quizzes in Sports
Browse Sports
hide this ad
Today's Top Quizzes in WWE
Browse WWE
Top Contributed Quizzes in Sports
1
2022 World Cup Stars
2
Les meilleurs buteurs des matchs entre le PSG et l’OM
3
FIFA Club World Cup Champions
4
Les entraîneurs de l'OM et du PSG au 21e siècle
5
Criteria MLB: Left Handed Sluggers
6
2023 MLB Unique Player Accomplishments
7
AFC Teams Reveal (Wrong Answers Minefield)
8
5-to-1: FBS Animal Nicknames
9
Players with Multiple 50 Home Run Seasons
10
5-to-1: UK Sports Teams
Explore More
Trending Topics
Disney
Harry Potter
Crossword
NBA
Anime
Kpop
Marvel
The Office
WWE
Song
NFL
Soccer
Country
Pokémon
Puzzle
hide this ad
More By:
CheMcCaughley
Quiz
Plays
Rating
Category
Featured
Created
True Blood Characters....
83
Television
Dec 31, 2012
WWE Finishers
38
Sports
Dec 30, 2012
Go to Creator's Profile
Score Distribution
Quiz Creator Spotlight
CheMcCaughley
Follow
Send a Message
Quizzes Created
-
Created Quiz Play Count
-
More By This Creator
Popular Quizzes Today
1
Find the US States - No Outlines Minefield
2
Find the Countries of Europe - No Outlines Minefield
3
The Countries of the World
4
Find the US States
5
Risky Map Clicking: Biggest States A-Z
6
US States
7
Popular People in 1961
8
Movies - When Are They Set?
More Sports Quizzes
Symbol Cryptogram: NFL Teams II
Quiz Lab
Trending Quizzes
Risky Map Clicking: Least Populous States A-Z
Countries of the World: 200 Million BC
1-10 Letter G Words
Risky Map Clicking: Next State Alphabetically
Adjectives in 80s TV Shows
Recently Updated
Leaping Animals
pecheneg
Reality TV Shows (A-Z)
bhenderson79
Rickey Henderson's Hall of Fame Teammates
pecheneg
Champions League XIs: Arsenal
pecheneg
Quick Pick: Celebrities in WWE's Hall of Fame
aduchscher
A-Z Keypad Blitz II
pecheneg
Multiple Oscar Actors
pecheneg
Mystery Phrase Blitz: Oscar 'Best Actors'
pecheneg
F. Scott Fitzgerald Novels
LTH
Pick 3 Villains
ddd62291
Trending Topics
Kpop
NBA
Disney
Crossword
Harry Potter
Marvel
Anime
Soccer
WWE
NFL
The Office
Pokémon
Puzzle
Country
Song
Your Account Isn't Verified!
In order to create a playlist on Sporcle, you need to verify the email address you used during registration. Go to your
Sporcle Settings
to finish the process.
Report this User
Report this user for behavior that violates our
Community Guidelines
.
Details:
Send Report
Go to the Sporcle.com Mobile Site →
Comments